Znalostný manažment

Salvato in:
Dettagli Bibliografici
Autore principale: Džubáková, Martina
Ente Autore: Ekonomická univerzita v Bratislave. Fakulta podnikového manažmentu
Altri autori: Dupaľ, Andrej, Závadský, Ján
Natura: Libro
Lingua:slovacco
Pubblicazione: Bratislava Vydavateľstvo EKONÓM 2016
Edizione:1. vyd.
Soggetti:
Tags: Aggiungi Tag
Nessun Tag, puoi essere il primo ad aggiungerne!!

MARC

LEADER 00000nlm a2200000 4500
001 0228131
005 20240502073745.7
020 |a 978-80-225-4242-5 
041 0 |a slo 
044 |a SK 
245 1 0 |a Znalostný manažment  |c Martina Džubáková ; recenzenti: Andrej Dupaľ, Ján Závadský 
250 |a 1. vyd. 
264 1 |a Bratislava  |b Vydavateľstvo EKONÓM  |c 2016 
300 |a online [128 s., 8,04 AH] 
610 2 0 |a manažment znalostný 
610 2 0 |a internet 
610 2 0 |a dáta 
610 2 0 |a sémantika 
610 2 0 |a audit 
610 2 0 |a siete sociálne 
610 2 0 |a metóda BSC 
610 2 0 |a kapitál ľudský 
100 1 |a Džubáková, Martina 
700 1 |a Dupaľ, Andrej 
700 1 |a Závadský, Ján 
710 2 |a Ekonomická univerzita v Bratislave. Fakulta podnikového manažmentu